Cross Country Ski: Olympic Winners Sudden Death - Statistics

General Stats
  • This quiz has been taken 125 times
  • The average score is 4 of 13
Answers on the Grid
Answers color-coded by a green-red scale on the quiz's grid according to % correct below.
Alexander Bolshunov
Juha Mieto
Emil Iversen
Sergey Ustjugov
Federico Pellegrino
Erik Valnes
Matrin Sundby
Harald Amundsen
Jevgeni Dementjev
Teodor Peterson
Sami Jauhojärvi
Calle Halfvarsson
Maurice Manificat
Denis Spitsov
Johannes Klaebo
Didrik Toenseth
Nikita Kriukov
Johan Olsson
Martin Nyenget
Aleksandr Legkov
 
Answer Stats
Answer % Correct
Alexander Bolshunov
71%
Johannes Klaebo
62%
Matrin Sundby
42%
Sergey Ustjugov
38%
Johan Olsson
33%
Sami Jauhojärvi
31%
Aleksandr Legkov
29%
Juha Mieto
29%
Erik Valnes
20%
Jevgeni Dementjev
18%
Denis Spitsov
16%
Didrik Toenseth
13%
Nikita Kriukov
9%
No matching quizzes found
Score Distribution
Percent of People with Each Score
Percentile by Number Answered
Your Score History
You have not taken this quiz